<?xml version="1.0" encoding="UTF-8"?>
<record
    xmlns:xsi="http://www.w3.org/2001/XMLSchema-instance"
    xsi:schemaLocation="http://www.loc.gov/MARC21/slim http://www.loc.gov/standards/marcxml/schema/MARC21slim.xsd"
    xmlns="http://www.loc.gov/MARC21/slim">

  <leader>02453nam a2200313uu 4500</leader>
  <controlfield tag="001">1457278</controlfield>
  <controlfield tag="005">20260508090915.0</controlfield>
  <controlfield tag="007">co|||||||</controlfield>
  <controlfield tag="008">161220s2016                        spa  </controlfield>
  <datafield tag="035" ind1=" " ind2=" ">
    <subfield code="a">1457278</subfield>
  </datafield>
  <datafield tag="040" ind1=" " ind2=" ">
    <subfield code="c">comduadb</subfield>
  </datafield>
  <datafield tag="041" ind1=" " ind2=" ">
    <subfield code="a">spa</subfield>
  </datafield>
  <datafield tag="082" ind1=" " ind2="4">
    <subfield code="a">331</subfield>
  </datafield>
  <datafield tag="100" ind1="1" ind2="0">
    <subfield code="a">Graciano Puerta, Sergio Andr&#xE9;s</subfield>
    <subfield code="4">aut</subfield>
    <subfield code="e">aut</subfield>
    <subfield code="9">753062</subfield>
  </datafield>
  <datafield tag="245" ind1="1" ind2="0">
    <subfield code="a">Incertidumbre de la estabilidad reforzada de los trabajadores enfermos de la General motors Colmotores : "a prop&#xF3;sito del documental de la asociaci&#xF3;n de trabajadores y extrabajadores enfermos de GMC - Colombia"</subfield>
  </datafield>
  <datafield tag="260" ind1=" " ind2=" ">
    <subfield code="a">Medell&#xED;n :</subfield>
    <subfield code="b">Autor(a),</subfield>
    <subfield code="c">2016.</subfield>
  </datafield>
  <datafield tag="300" ind1=" " ind2=" ">
    <subfield code="a">1 CD-ROM</subfield>
  </datafield>
  <datafield tag="500" ind1=" " ind2=" ">
    <subfield code="a">GENERAL : El resumen de este trabajo de grado no es visible.</subfield>
  </datafield>
  <datafield tag="520" ind1="3" ind2=" ">
    <subfield code="a">Este art&#xED;culo pretende realizar una reflexi&#xF3;n tomando como punto de partida el desarrollo jurisprudencial tanto de la Corte Constitucional como de la Corte Suprema de Justicia sobre la estabilidad laboral reforzada respecto de la discapacidad originada en o con ocasi&#xF3;n al trabajo, reflexi&#xF3;n que se estudia a partir de una situaci&#xF3;n problem&#xE1;tica tanto en el &#xE1;mbito laboral como en el social, espec&#xED;ficamente con los trabajadores enfermos o e situaci&#xF3;n de discapacidad; por ello se relaciona el tratamiento jur&#xED;dico de la estabilidad laboral reforzada por discapacidad con el documental de la Asociaci&#xF3;n de Trabajadores y Extrabajadores Enfermos de General Motors Colmotores, producido en el a&#xF1;o 2013 por la Compa&#xF1;&#xED;a Independiente de Producci&#xF3;n Para Televisi&#xF3;n "Venispa", dirigido por Luis Castro. La estabilidad reforzada derivada de la discapacidad se concreta en garant&#xED;as para el trabajador, por ejemplo, una relaci&#xF3;n laboral no puede ser terminada en raz&#xF3;n a la discapacidad, excepto que medie justa causa y autorizaci&#xF3;n de la autoridad competente. 
No obstante la existencia de la estabilidad laboral reforzada, se encuentra evidenciado la terminaci&#xF3;n del v&#xED;nculo laboral sin el agotamiento de los requisitos exigidos tanto legal como jurisprudencialmente con los trabajadores enfermos de General Motors Colmotores.</subfield>
  </datafield>
  <datafield tag="650" ind1=" " ind2="7">
    <subfield code="a">Estabilidad laboral</subfield>
    <subfield code="2">lemb</subfield>
    <subfield code="9">41725</subfield>
  </datafield>
  <datafield tag="650" ind1=" " ind2=" ">
    <subfield code="a">Discapacidad e inclusi&#xF3;n laboral</subfield>
    <subfield code="9">214017</subfield>
  </datafield>
  <datafield tag="650" ind1=" " ind2=" ">
    <subfield code="a">General Motors (Empresa Comercial)</subfield>
    <subfield code="9">71786</subfield>
  </datafield>
  <datafield tag="650" ind1=" " ind2=" ">
    <subfield code="a">Reubicaci&#xF3;n laboral</subfield>
    <subfield code="9">36280</subfield>
  </datafield>
  <datafield tag="650" ind1=" " ind2=" ">
    <subfield code="a">Reintegro laboral</subfield>
    <subfield code="9">60107</subfield>
  </datafield>
  <datafield tag="700" ind1="1" ind2="0">
    <subfield code="a">Mej&#xED;a Walker, Juan Camilo</subfield>
    <subfield code="4">ths</subfield>
    <subfield code="e">ths</subfield>
    <subfield code="9">527979</subfield>
  </datafield>
  <datafield tag="942" ind1=" " ind2=" ">
    <subfield code="c">TESIS</subfield>
  </datafield>
  <datafield tag="999" ind1=" " ind2=" ">
    <subfield code="c">750014</subfield>
    <subfield code="d">750014</subfield>
  </datafield>
  <datafield tag="502" ind1=" " ind2=" ">
    <subfield code="b">133</subfield>
    <subfield code="c">14</subfield>
  </datafield>
  <datafield tag="526" ind1=" " ind2=" ">
    <subfield code="a">135</subfield>
  </datafield>
  <datafield tag="952" ind1=" " ind2=" ">
    <subfield code="0">0</subfield>
    <subfield code="1">0</subfield>
    <subfield code="4">0</subfield>
    <subfield code="7">0</subfield>
    <subfield code="8">TESDIGBC</subfield>
    <subfield code="a">BC</subfield>
    <subfield code="b">BC</subfield>
    <subfield code="d">2016-12-20</subfield>
    <subfield code="e">Material adquirido por donaci&#xF3;n</subfield>
    <subfield code="i">C1256316</subfield>
    <subfield code="l">0</subfield>
    <subfield code="o">331.59 G731 CD-ROM</subfield>
    <subfield code="p">1015759</subfield>
    <subfield code="r">2023-05-03 00:00:00</subfield>
    <subfield code="t">1</subfield>
    <subfield code="w">2023-05-03</subfield>
    <subfield code="y">DIGITAL</subfield>
  </datafield>
</record>
